Each of us a desert /

Xochitl is destined to wander the desert alone, speaking her troubled village's stories into its arid winds. Her only companions are the blessed stars above and enigmatic lines of poetry magically strewn across dusty dunes. Her one desire is to share her heart with a kindred spirit. One night,...

Full description

Bibliographic Details
Main Author: Oshiro, Mark (Author)
Format: Book
Language:English
Published: New York : Tom Doherty Associates, [2020]
Edition:First edition.
Subjects:

MARC

Tag First Indicator Second Indicator Subfields
LEADER 00000cam a2200000Ii 4500
001 in00004451521
005 20211018102514.0
008 200708t20202020nyua d 000 1 eng d
020 |a 9781250169211  |q (hardcover) 
020 |a 1250169216  |q (hardcover) 
035 |a (OCoLC)on1182803172 
040 |a LMJ  |e rda  |c LMJ  |d BDX  |d ILC  |d TOH  |d EHH  |d HBP  |d ORU  |d YDX  |d NHP  |d HQD  |d UtOrBLW 
049 |a TXAM 
050 4 |a PS3615.S455  |b E2 2020 
082 0 |a [Fic]  |2 23 
100 1 |a Oshiro, Mark,  |e author.  |0 http://id.loc.gov/authorities/names/no2018070257 
245 1 0 |a Each of us a desert /  |c Mark Oshiro. 
250 |a First edition. 
264 1 |a New York :  |b Tom Doherty Associates,  |c [2020] 
264 4 |c ©2020 
300 |a 431 pages :  |b illustrations ;  |c 22 cm. 
336 |a text  |b txt  |2 rdacontent 
336 |a still image  |b sti  |2 rdacontent 
337 |a unmediated  |b n  |2 rdamedia 
338 |a volume  |b nc  |2 rdacarrier 
520 |a Xochitl is destined to wander the desert alone, speaking her troubled village's stories into its arid winds. Her only companions are the blessed stars above and enigmatic lines of poetry magically strewn across dusty dunes. Her one desire is to share her heart with a kindred spirit. One night, Xo's wish is granted, in the form of Emilia, the cold and beautiful daughter of the town's murderous conqueror. But when the two set out on a magical journey across the desert, they find their hearts could be a match, if only they can survive the nightmare-like terrors that arise when the sun goes down. 
650 0 |a Storytellers  |v Juvenile fiction. 
650 0 |a Lesbian teenagers  |v Juvenile fiction. 
650 0 |a Loneliness in adolescence  |v Juvenile fiction. 
650 0 |a Deserts  |v Juvenile fiction. 
650 0 |a Stars  |v Juvenile fiction. 
650 0 |a Quests (Expeditions)  |v Juvenile fiction. 
650 0 |a Young adult fiction.  |0 http://id.loc.gov/authorities/subjects/sh85149267 
650 1 |a Storytellers  |v Fiction. 
650 1 |a Lesbians  |v Fiction. 
650 1 |a Loneliness  |v Fiction. 
650 1 |a Deserts  |v Fiction. 
650 1 |a Stars  |v Fiction. 
650 1 |a Quests (Expeditions)  |v Fiction. 
650 1 |a Fantasy. 
945 |b 966960 
947 |a A14851642398 
948 |a cataloged  |b h  |c 2021/9/23  |d c  |e dmitchel  |f 1:10:20 PM 
994 |a 92  |b TXA 
999 f f |s 0582a12c-8742-34fa-b164-face7e8fff91  |i bc2fb4f6-c1b1-314c-a410-c863312cda90  |t 0 
952 f f |p normal  |a Texas A&M University  |b College Station  |c Sterling C. Evans Library  |d Evans: Curriculum Collection (4th floor)  |t 0  |e PS3615.S455 E2 2020  |h Library of Congress classification  |i unmediated -- volume  |m A14851642398 
998 f f |a PS3615.S455 E2 2020  |t 0  |l Evans: Curriculum Collection (4th floor)